| 000 | 01154cam a22002651i 4500 | ||
|---|---|---|---|
| 003 | SA-RiAUC | ||
| 005 | 20250922130923.0 | ||
| 008 | 250915s2004 jo g b 00000 ara c | ||
| 040 |
_aSA-JeALM _bara _cSA-RiAUC _erda |
||
| 082 | 0 | 4 |
_a415.1 _qSA-RiAUC |
| 090 |
_a415.1 _bا ب و ع |
||
| 100 | 1 |
_aأبو علي الفارسي، الحسن بن أحمد بن عبد الغفار، _d288-377 هجري _eمؤلف. |
|
| 245 | 1 | 2 |
_aالمسائل المنثورة / _cأبو علي الحسن بن أحمد الفارسي ؛ تحقيق وتعليق شريف عبد الكريم النجار. |
| 250 | _aالطبعة الأولى. | ||
| 264 | 1 |
_aعمان، الأردن : _bدار عمار للنشر والتوزيع، _c2004 |
|
| 300 |
_a382 صفحة ؛ _c24 سم |
||
| 336 |
_aنص _btxt _2rdacontent _3كتاب |
||
| 337 |
_aبدون وسيط _bn _2rdamedia |
||
| 338 |
_aمجلد _bnc _2rdacarrier |
||
| 504 | _aببليوجرافية : صفحة 361-376. | ||
| 650 | 7 |
_aاللغة العربية _xنحو _2aucsh |
|
| 700 | 1 |
_aالنجار، شريف عبد الكريم _eمحقق. |
|
| 942 |
_2ddc _cBOOK _n0 |
||
| 949 |
_aSA-JeALM _d250915 _uosman123 _n1 |
||
| 999 |
_c12013 _d12013 |
||